000 00432pab a2200157 454500
008 180718b1997 xxu||||| |||| 00| 0 eng d
100 _aBanerjee, Sikata
245 _aThe Saffron Wave: the eleventh general elections in Maharashtra
260 _c1997
300 _ap.2551-559
362 _a4 Oct
650 _aElections - India - Maharashtra
650 _aElections
773 _aEconomic and Political Weekly
909 _a35654
999 _c35654
_d35654